Engineering for the control of manufacturing (Record no. 70324)

000 -LEADER
fixed length control field 00450nam a22001697a 4500
003 - CONTROL NUMBER IDENTIFIER
control field NUST - PNEC
005 - DATE AND TIME OF LATEST TRANSACTION
control field 20170116181138.0
008 - FIXED-LENGTH DATA ELEMENTS--GENERAL INFORMATION
fixed length control field 151007b xxu||||| |||| 00| 0 eng d
020 ## - INTERNATIONAL STANDARD BOOK NUMBER
International Standard Book Number 0132787636
040 ## - CATALOGING SOURCE
Transcribing agency LIBRARY
082 ## - DEWEY DECIMAL CLASSIFICATION NUMBER
Classification number 658.5 PLO
100 ## - MAIN ENTRY--PERSONAL NAME
9 (RLIN) 14427
Personal name Plossl, Keith R.
245 ## - TITLE STATEMENT
Title Engineering for the control of manufacturing
Statement of responsibility, etc. Keith R.Plossl
260 ## - PUBLICATION, DISTRIBUTION, ETC.
Date of publication, distribution, etc. 1987
650 ## - SUBJECT ADDED ENTRY--TOPICAL TERM
9 (RLIN) 14425
Topical term or geographic name entry element Production engineering
General subdivision ME
942 ## - ADDED ENTRY ELEMENTS (KOHA)
Source of classification or shelving scheme
Koha item type Book
Holdings
Withdrawn status Lost status Source of classification or shelving scheme Damaged status Not for loan Permanent Location Current Location Shelving location Date acquired Total Checkouts Full call number Barcode Date last seen Price effective from Koha item type
          Pakistan Navy Engineering College (PNEC) Pakistan Navy Engineering College (PNEC)       658.5 PLO PNECLIB-013001 10/07/2015   Book
© 2023 Central Library, National University of Sciences and Technology. All Rights Reserved.